000 00744nam a2200205Ia 4500
001 5680
003 GE_BSU
008 181216s||||||||xx |||||||||||||| ||und||
040 _cGE_BSU
080 _a514.18
100 _aКокстер Х.С.М.
245 _aДействительная проективная плоскость. The Real Projective Plane.
245 _cПер. с английского Т.В. Солнцевой. Под. Ред. А.А. Глаголева.
260 _aМосква
260 _bГосиздат физ.-мат. лит-ры
260 _c1959
300 _a280 с. 21 см.
653 _aДействительная проективная плоскость. The Real Projective Plane.
942 _cBK
999 _c39105
_d39105